UBT Library

America now : (Record no. 39906)

000 -LEADER
fixed length control field 00840cam a2200241 a 4500
001 - CONTROL NUMBER
control field 15366882
005 - DATE AND TIME OF LATEST TRANSACTION
control field 20180109072401.0
008 - FIXED-LENGTH DATA ELEMENTS--GENERAL INFORMATION
fixed length control field 080715s2009 maua 001 0 eng
010 ## - LIBRARY OF CONGRESS CONTROL NUMBER
LC control number 2008933110
020 ## - INTERNATIONAL STANDARD BOOK NUMBER
International Standard Book Number 9780312487300 (instructor's ed. : pbk.)
020 ## - INTERNATIONAL STANDARD BOOK NUMBER
International Standard Book Number 0312487304 (instructor's ed. : pbk.)
040 ## - CATALOGING SOURCE
Original cataloging agency DLC
Transcribing agency DLC
041 ## - LANGUAGE CODE
Language code of text/sound track or separate title eng
043 ## - GEOGRAPHIC AREA CODE
Geographic area code n-us---
080 ## - UNIVERSAL DECIMAL CLASSIFICATION NUMBER
Universal Decimal Classification number 070
082 ## - DEWEY DECIMAL CLASSIFICATION NUMBER
Edition number 9
100 ## - Rafti
Rafti 40
101 ## - Shkurtesa
Shkurtesa MED
245 00 - TITLE STATEMENT
Title America now :
Statement of responsibility, etc edited by Robert Atwan ; exercises prepared with the assistance of Valerie Duff-Strautmann, Jeffrey Ousborne, Stefanie Wortman.
906 ## - LOCAL DATA ELEMENT F, LDF (RLIN)
a 7
b cbc
c orignew
d 3
e epcn
f 20
g y-gencatlg
942 ## - ADDED ENTRY ELEMENTS (KOHA)
Source of classification or shelving scheme
Item type Books
Holdings
Withdrawn status Lost status Source of classification or shelving scheme Damaged status Not for loan Collection code Permanent location Current location Shelving location Date acquired Total Checkouts Full call number Barcode Date last seen Price effective from Koha item type
          Koleksioni i përgjithshem UBT - Lipjan UBT - Lipjan Koleksioni i lëndeve mesimore 01/09/2018   070 ATW 002-2995235 01/09/2018 01/09/2018 Books
          Koleksioni i përgjithshem UBT - Lipjan UBT - Lipjan Koleksioni i përgjithshem 01/09/2018   070 ATW 002-2995206 01/09/2018 01/09/2018 Books
UBT Library © 2015-2024. All rights reserved University Education for Business and Technology